ბათუმის შოთა რუსთაველის სახელმწიფო უნივერსიტეტის ბიბლიოთეკა

რისკისთვის მზადყოფნა: (ბიბ.ჩანაწერი № 59872)

000 -ლიდერი
ფიქსირებული სიგრძის საკონტროლო ველი 01603nam a22002297a 4500
003 - საკონტროლო ნომრის იდენტიფიკატორი
საკონტროლო ველი Ge_BSU
005 - ბოლო ოპერაციის თარიღი და დრო
საკონტროლო ველი 20230503155941.0
008 - ფიქსირებული სიგრძის მონაცემთა ელემენტები - ზოგადი ინფორმაცია
ფიქსირებული სიგრძის საკონტროლო ველი 230503s2007 ge ||||| |||| 00| 0 geo d
020 ## - წიგნის საერთაშორისო სტანდარტული ნომერი
International Standard Book Number 9789994098729
041 ## - ენის კოდი
Language code of text/sound track or separate title geo
080 ## - უნივერსალური ათობითი კლასიფიკაციის ინდექსი
Universal Decimal Classification number 7.025.3+005 ს-85
100 ## - მთავარი ჩანაწერი - პიროვნების სახელი
Personal name სტოველი, ჰერბ
9 (RLIN) 17935
245 ## - ცნობა სათაურის შესახებ
Title რისკისთვის მზადყოფნა:
Remainder of title მსოფლიო კულტურული მემკვიდრეობის მენეჯმენტის სახელმძღვანელო = Risk preparedness: A management manual for Worlde Cultural Heritage /
Statement of responsibility, etc ჰერბ სტოველი ; [რედ. დ. თუმანიშვილი ; ქართ. ტექსტი მოამზადა ს. სახანბერიძემ ; საქ. კულტ., ძეგლთა დაცვისა და სპორტის სამინ.].
264 ## - წარმოების, გამოცემის, დისტრიბუციის და სხვა ცნობები
გამოცემის, წარმოების, დისტრიბუციის... ადგილი თბილისი :
გამოცემის, წარმოების, დისტრიბუციის... სახელწოდება [ნეკერი],
გამოცემის, წარმოების, დისტრიბუციის... თარიღი 2007.
300 ## - ფიზიკური აღწერა
Extent 202გვ. ;
Other physical details 20სმ.
653 ## - INDEX TERM--UNCONTROLLED
Uncontrolled term კულტურის ძეგლთა დაცვა. მენეჯმენტი
653 ## - INDEX TERM--UNCONTROLLED
Uncontrolled term თარგმანები ქართულ ენაზე
700 ## - ADDED ENTRY--PERSONAL NAME
Personal name თუმანიშვილი, დიმიტრი
Relator term რედაქტორი
9 (RLIN) 4765
700 ## - ADDED ENTRY--PERSONAL NAME
Personal name სახანბერიძე, ს.
Relator term მთარგმნელი
9 (RLIN) 17936
710 ## - ADDED ENTRY--CORPORATE NAME
Corporate name or jurisdiction name as entry element საქ. კულტ., ძეგლთა დაცვისა და სპორტის სამინისტრო
9 (RLIN) 17648
942 ## - ADDED ENTRY ELEMENTS (KOHA)
Source of classification or shelving scheme
Koha item type წიგნი
ეგზემპლარები
ჩამოწერის სტატუსი დაკარგული ეგზემპლარის სტატუსი კლასიფიკაციის წყარო ან თაროზე გაწყობის სქემა დაზიანების სტატუსი არ გაიცემა მუდმივი მდებარეობა (დაცვის ადგილი) ამჟამინდელი ადგილსამყოფელი თაროზე განთავსების ადგილი შეძენის თარიღი ღირებულება, შესყიდვის ნორმალური ფასი სრული შენახვის შიფრი შტრიხკოდი ბოლო ოპერაციის თარიღი ეგზემპლარის მიმდევრობითი ნომერი (კეტერი?) Uniform Resource Identifier ფასის ძალაში შესვლის თარიღი ეგზემპლარის სახეობა საჯარო შენიშვნა
          ბათუმის შოთა რუსთაველის სახელმწიფო უნივერსიტეტის მთავარი ბიბლიოთეკა ბათუმის შოთა რუსთაველის სახელმწიფო უნივერსიტეტის მთავარი ბიბლიოთეკა წიგნსაცავი 2023-05-03 8.00 7.025.3+005 ს-85 64355 2023-05-03 64355 ბსუ-ს საპატიო დოქტორის გურამ ლორთქიფანიძის საჩუქარი 2023-05-03 წიგნი 8 ლ.